| 000 | 00000nas##2200000za#4500 |
| 001 | 9.513770 |
| 003 | CaOODSP |
| 005 | 20200331215702 |
| 007 | ta |
| 008 | 150406c1985||||xxc|| m #||||f| |0fre|d |
| 040 | |aCaOODSP|bfre |
| 043 | |an-cn--- |
| 086 | 1 |aFo143-2F |
| 110 | 1 |aCanada.|bRessources naturelles Canada. |bService canadien des forêts. |
| 245 | 10|aRapport d'information [BC-X-série] / |cPublié par le Centre de foresterie du Pacifique. |
| 260 | |aVictoria - Colombie Britannique : |bRessources naturelles Canada. |c[1985]--. |
| 310 | |aIrrégulier |
| 563 | |aCouverture souple |
| 775 | 08|tInformation report [BC-X-series] / |w(CaOODSP)9.515248 |
| 776 | 0#|tRapport d'information [BC-X-série] / |w(CaOODSP)9.501561 |